Homero /

Αποθηκεύτηκε σε:
Λεπτομέρειες βιβλιογραφικής εγγραφής
Κύριος συγγραφέας: Carlier, Pierre (autor)
Άλλοι συγγραφείς: Iglesias Diéguez, Alfredo (traducción) (traducción)
Μορφή: Βιβλίο
Γλώσσα:Ισπανικά
Έκδοση: Madrid, España : Akal, 2005, c2005
Σειρά:(Akal Universitaria ; Interdisciplinar) 240.
Θέματα:
Ετικέτες: Προσθήκη ετικέτας
Δεν υπάρχουν, Καταχωρήστε ετικέτα πρώτοι!

MARC

LEADER 00000nam^a2200000^a^4500
001 000623275
005 20251021000000.0
009 20260310133934.672
020 |a 978-84-460-2151-3 
025 |a Donación sin dato, 1 ejemplar 
037 |a Acervo ITESO - Biblioteca 
041 |a ESP 
082 |a 880. 9  |b CAR 
100 |a Carlier, Pierre  |e (autor) 
245 1 0 |a Homero /  |c P. Carlier ; tr. por A. Iglesias Diéguez. 
264 4 |a Madrid, España :  |b Akal,  |c 2005, c2005 
300 |a 250 p. 
336 |a texto  |b txt  |2 rdacontenido 
337 |a sin mediación  |b n  |2 rdamedio 
338 |a volumen  |b nc  |2 rdasoporte 
440 1 |a (Akal Universitaria ;  |v 240.  |p Interdisciplinar) 
545 0 |a Homero, poeta griego a quien la tradición señala como autor de los dos mayores poemas épicos de la antigüedad, la Ilíada (siglos XVII-IX a.C.), crónica de la guerra de Troya y la Odisea (siglos IX-VIII a.C.), relato del viaje de regreso de Ulises u Odiseo a Itaca. Poco se sabe de su vida y existen problemas para la determinación de la época en que vivió y su lugar de origen; según las leyendas antiguas, se trata de un poeta ciego que vivía en la corte de los príncipes y era de condición social claramente inferior a la de sus protectores. La falta de datos biográficos y las diferencias entre ambos poemas, han hecho pensar a los críticos que se trata de recopilaciones de versos de distinto origen; sin embargo, expertos en literatura griega sostienen que la estructura unitaria de los textos y de los caracteres de los personajes más importantes, así como la utilización de un lenguaje similar permite concluir que estas dos sagas, escritas en 24 cantos y compuestas en hexámetros, fueron elaboradas de forma coherente y orgánica por un mismo autor. 
649 |a XX 
650 |a Escritores Griegos 
650 |a Poesía Epica Griega -  |x Historia y Crítica 
650 |a Poesía Griega -  |x Historia y Crítica 
650 |a Poesía Clásica -  |x Historia y Crítica 
650 |a Literatura Epica -  |z Grecia -  |x Historia y Crítica 
650 |a Literatura Griega -  |x Historia y Crítica 
650 |a Literatura Clásica -  |x Historia y Crítica 
650 |a Homero -  |x Tema Principal 
700 |a Iglesias Diéguez, Alfredo  |e (traducción) 
910 |a Fondo General 
920 |a Impresos - Libros 
930 |a Colección General 
940 |a Literatura 
905 |a 101 
901 |a 623275-10  |b IT1  |c LIT  |i D  |u 20251021 
902 |a https://opac.biblio.iteso.mx/vufind/Record/000623275